MARC details
| 000 -CABECERA |
| campo de control de longitud fija |
01646cam a2200313 a 4500 |
| 001 - NÚMERO DE CONTROL |
| campo de control |
000015376 |
| 003 - IDENTIFICADOR DEL NÚMERO DE CONTROL |
| campo de control |
DO-SdBNP |
| 005 - FECHA Y HORA DE LA ÚLTIMA TRANSACCIÓN |
| campo de control |
20251030131839.0 |
| 008 - DATOS DE LONGITUD FIJA--INFORMACIÓN GENERAL |
| campo de control de longitud fija |
840222m19541969ve a 000 m spa d |
| 040 ## - FUENTE DE LA CATALOGACIÓN |
| Centro catalogador/agencia de origen |
DO-SdBNP |
| Lengua de catalogación |
spa |
| Centro/agencia transcriptor |
BNPHU |
| 082 #4 - NÚMERO DE LA CLASIFICACIÓN DECIMAL DEWEY |
| Número de clasificación |
V868.2 |
| Número de documento/Ítem |
B446ó |
| Número de edición |
2 |
| 100 1# - ENTRADA PRINCIPAL--NOMBRE DE PERSONA |
| Nombre de persona |
Bello, Andrés, |
| Fechas asociadas al nombre |
1781-1865 |
| 9 (RLIN) |
22352 |
| 245 10 - MENCIÓN DE TÍTULO |
| Título |
Obras completas / |
| Mención de responsabilidad, etc. |
Andrés Bello. |
| 260 ## - PUBLICACIÓN, DISTRIBUCIÓN, ETC. |
| Lugar de publicación, distribución, etc. |
Caracas : |
| Nombre del editor, distribuidor, etc. |
Ministerio de Educación, |
| Fecha de publicación, distribución, etc. |
1954-1969. |
| 300 ## - DESCRIPCIÓN FÍSICA |
| Extensión |
v. : |
| Otras características físicas |
il. ; |
| Dimensiones |
25 cm. |
| 500 ## - NOTA GENERAL |
| Nota general |
La biblioteca posee los volúmenes: 2, 8, 9, 11 tomo 2, 13 tomo 2, 16, 19, 20 y 21 tomo 3. |
| 504 ## - NOTA DE BIBLIOGRAFÍA, ETC. |
| Nota de bibliografía, etc. |
Incluye referencias bibliográficas y notas al pie de las páginas. |
| 505 0# - NOTA DE CONTENIDO CON FORMATO |
| Información miscelánea |
Vol. 2 |
| Título |
Borradores poesías/ |
| Mención de responsabilidad |
Prólogo de Pedro P. Barnola. |
| 505 0# - NOTA DE CONTENIDO CON FORMATO |
| Información miscelánea |
Vol. 8. |
| Título |
Gramática latina y escritos complementarios/ |
| Mención de responsabilidad |
prólogo y notas Aurelio Espinosa Pólit. |
| 505 0# - NOTA DE CONTENIDO CON FORMATO |
| Información miscelánea |
Vol. 9. |
| Título |
Temas de crítica literaria / |
| Mención de responsabilidad |
prólogo de Arturo Uslar Pietri |
| 505 0# - NOTA DE CONTENIDO CON FORMATO |
| Nota de contenido con formato |
Vol. 11. t. 2. |
| Título |
Derecho internacional. Temas de política internacional. |
| 505 0# - NOTA DE CONTENIDO CON FORMATO |
| Nota de contenido con formato |
Vol. 13. t.2. |
| Título |
Código civil de la República de Chile / |
| Mención de responsabilidad |
introducción y notas de Pedro Lira Urguieta |
| 505 0# - NOTA DE CONTENIDO CON FORMATO |
| Información miscelánea |
Vol. 16. |
| Título |
Textos y mensajes de gobierno / |
| Mención de responsabilidad |
prólogo de Guillermo Feliú Cruz. |
| 505 0# - NOTA DE CONTENIDO CON FORMATO |
| Nota de contenido con formato |
Vol. 19. |
| Título |
Temas de historias y geografía / |
| Mención de responsabilidad |
prólogo de Mariano Picón-Salas. |
| 505 0# - NOTA DE CONTENIDO CON FORMATO |
| Información miscelánea |
Vol. 20. |
| Título |
Cosmografía y otros escritos de divulgación científica / |
| Mención de responsabilidad |
Prólogo y notas de F. J. Duarte. |
| 505 0# - NOTA DE CONTENIDO CON FORMATO |
| Nota de contenido con formato |
Vol. 21. t. 3. |
| Título |
Derecho internacional. Documentos de la cancillería chilena / |
| Mención de responsabilidad |
prólogo de Jorge Gamboa Correa. |
| 600 10 - PUNTO DE ACCESO ADICIONAL DE MATERIA--NOMBRE DE PERSONA |
| Nombre de persona |
Bello, Andrés, |
| Fechas asociadas al nombre |
1781-1865, |
| 9 (RLIN) |
23708 |
| 942 ## - ELEMENTOS DE PUNTO DE ACCESO ADICIONAL (KOHA) |
| Fuente del sistema de clasificación o colocación |
Dewey Decimal Classification |
| Tipo de ítem Koha |
Libro |